00614nam a2200181Ia 4500008004100000020001800041041001200059082001600071100001800087245006200105260003800167300000900205650000700214700001800221942000700239999001500246952017100261221030s9999 xx 000 0 und d a9780070647916 aEnglish a105.23bRav aD. P. Kothari 0aPower System Engineeringcby D. P. Kothari, I. J. Nagrath bTata Mcgraw HillaNew Delhic2015 a1074 aEE aI. J. Nagrath cBK c4760d4760 pBE 905g650.00l0o105.23 Ravr2024-06-13 00:00:00w2022-10-30yBK003Print4070aMIETLIBbMIETLIBcBL-Academic Block A, FL-1, CUP-163, SH-5, R-5d2000-02-0210HBE